International seminar on land use, land cover change and agro-biodiversity: souv (Record no. 15926)

MARC details
000 -LEADER
fixed length control field 00365nam a2200121Ia 4500
082 ## - DEWEY DECIMAL CLASSIFICATION NUMBER
Classification number 333.731306 LAN-I
100 ## - MAIN ENTRY--AUTHOR NAME
Personal name National Post Graduate College
245 #0 - TITLE STATEMENT
Title International seminar on land use, land cover change and agro-biodiversity: souv
260 ## - PUBLICATION, DISTRIBUTION, ETC. (IMPRINT)
Place of publication Lucknow
Name of publisher the author
Year of publication 2008
300 ## - PHYSICAL DESCRIPTION
Number of Pages 86
942 ## - ADDED ENTRY ELEMENTS (KOHA)
Koha item type Books
Holdings
Withdrawn status Lost status Damaged status Not for loan Home library Current library Date acquired Source of acquisition Bill Date Full call number Accession Number Price effective from Koha item type
        NASSDOC Library NASSDOC Library 14/06/2010 Gifted by : IC Division, ICSSR 2010-05-14 333.731306 LAN-I 46318 18/04/2019 Books